Hospodárenie poľnohospodárskeho podniku v trhových podmienkach diplomová práca

Guardado en:
Detalles Bibliográficos
Autor principal: Vargová, Zuzana
Autor Corporativo: Fakulta podnikového manažmentu EU. Katedra podnikovohospodárska
Otros Autores: Tršťanská, Alena
Formato: Libro
Lenguaje:eslovaco
Publicado: Bratislava 2008
Etiquetas: Agregar Etiqueta
Sin Etiquetas, Sea el primero en etiquetar este registro!

MARC

LEADER 00000nam$a2200000$$$4500
001 0086310
005 20240201115256.7
041 0 |a slo 
044 |a SK 
245 1 0 |a Hospodárenie poľnohospodárskeho podniku v trhových podmienkach  |b diplomová práca  |c Zuzana Vargová ; škol. Alena Tršťanská 
264 1 |a Bratislava  |c 2008 
300 |a 82 s. 
100 1 |a Vargová, Zuzana 
700 1 |a Tršťanská, Alena 
710 2 |a Fakulta podnikového manažmentu EU. Katedra podnikovohospodárska